Indian thought and its development (Record no. 226175)
[ view plain ]
| 000 -LEADER | |
|---|---|
| fixed length control field | 01926nam a22002417a 4500 |
| 005 - DATE AND TIME OF LATEST TRANSACTION | |
| control field | 20230103111046.0 |
| 008 - FIXED-LENGTH DATA ELEMENTS--GENERAL INFORMATION | |
| fixed length control field | 230103b ||||| |||| 00| 0 eng d |
| 040 ## - CATALOGING SOURCE | |
| Transcribing agency | AL |
| 041 ## - LANGUAGE CODE | |
| Language code of text/sound track or separate title | eng |
| 082 ## - DEWEY DECIMAL CLASSIFICATION NUMBER | |
| Edition number | 23 |
| Classification number | 294 |
| Item number | SCHI |
| 100 ## - MAIN ENTRY--PERSONAL NAME | |
| Personal name | Albert Schweitzer |
| 100 ## - MAIN ENTRY--PERSONAL NAME | |
| 9 (RLIN) | 68175 |
| 245 ## - TITLE STATEMENT | |
| Title | Indian thought and its development |
| 260 ## - PUBLICATION, DISTRIBUTION, ETC. | |
| Place of publication, distribution, etc. | Bombay |
| Name of publisher, distributor, etc. | Wilco Publishing House |
| Date of publication, distribution, etc. | 1980 |
| 300 ## - PHYSICAL DESCRIPTION | |
| Extent | xii,272p. |
| Other physical details | PB |
| Dimensions | 18x12cm. |
| 365 ## - TRADE PRICE | |
| Source of price type code | Religion |
| 520 ## - SUMMARY, ETC. | |
| Summary, etc. | I have written this short account of Indian Thought and its Development in the hope that it may help people in Europe to become better acquainted than they are at present with the ideas it stands for and the great personalities in whom these ideas are embodied. To gain an insight into Indian thought, and to analyse it and discuss our differences, must necessarily make European thought clearer and richer. If we really want to understand the thought of India we must get clear about the problems it has to face and how it deals with them. What we have to do is to set forth and explain the process of development it has passed through from the time of the Vedic hymns down to the present day. I am fully conscious of the difficulty of describing definite lines of development in a philosophy which possesses in so remarkable a degree the will and the ability not to perceive contrasts as such, and allows ideas of heterogeneous character to subsist side by side and even brings them into connection with each other. But I believe that we, the people of the West, shall only rightly comprehend what Indian thought really is and what is its significance for the thought of all mankind, if we succeed in gaining an insight into its processes. |
| 650 ## - SUBJECT ADDED ENTRY--TOPICAL TERM | |
| Topical term or geographic name entry element | Western and Indian Thought |
| 9 (RLIN) | 68176 |
| 650 ## - SUBJECT ADDED ENTRY--TOPICAL TERM | |
| Topical term or geographic name entry element | Teaching of Upanishads |
| 9 (RLIN) | 68177 |
| 650 ## - SUBJECT ADDED ENTRY--TOPICAL TERM | |
| Topical term or geographic name entry element | Budhha and his Teaching |
| 9 (RLIN) | 68178 |
| 650 ## - SUBJECT ADDED ENTRY--TOPICAL TERM | |
| Topical term or geographic name entry element | Bhakti Mysticism |
| 9 (RLIN) | 68179 |
| 700 ## - ADDED ENTRY--PERSONAL NAME | |
| Personal name | SCHWEITZER (Albert) |
| 9 (RLIN) | 68180 |
| 942 ## - ADDED ENTRY ELEMENTS (KOHA) | |
| Source of classification or shelving scheme | Dewey Decimal Classification |
| Koha item type | Donated Books |
| Withdrawn status | Lost status | Source of classification or shelving scheme | Damaged status | Not for loan | Collection code | Home library | Current library | Date acquired | Total Checkouts | Full call number | Barcode | Date last seen | Price effective from | Koha item type | Public note |
|---|---|---|---|---|---|---|---|---|---|---|---|---|---|---|---|
| Dewey Decimal Classification | English | St Aloysius Library | St Aloysius Library | 12/09/2014 | 294 SCHI | D05535 | 01/03/2023 | 01/03/2023 | Donated Books | Donated by V. T. Rajshekar |